000 01486nam0a2200325 4500
001 RU\NLR\bibl\1120872
005 20260405095900.0
010 _a5-8173-0268-7
_9500
021 _aRU
_b2007-47141
_92504
035 _a(NLR Aleph) 001107850
090 _a1219196
_c1219196
100 _a20070827d2006 |||y0rusy50 ca
101 0 _arus
102 _aRU
105 _aa |||||||||
200 1 _aОрганизация самостоятельного информационного поиска будущего инженера
_eмонография
_fЯ.С. Гончарова, Л.Н. Павлова
_gФедер. агентство по образованию, ГОУ ВПО "Сиб. гос. технол. ун-т"
210 _aКрасноярск
_cредакционно-издательский центр СибГТУ
_d2006
215 _a152 с.
_cил.
_d21
320 _aБиблиогр.: с. 119-138 (226 назв.)
606 1 _aИнженеры
_xПодготовка
_xИнформационные технологии
_92496940
_3RU\NLR\auth\661481181
686 _aЧ488.712.31
700 1 _aГончарова
_bЯ. С.
_gЯна Сергеевна
_4070
701 1 _4070
_8rus
_7ca
_aПавлова
_bЛ. Н.
_cканд. пед. наук
_gЛюдмила Николаевна
_3RU\NLR\auth\7736204
_919195
801 0 _aRU
_bNLR
_c20070827
_gRCR
801 1 _aRU
_bNLR
_c20070827
942 _cBOOK
980 _aNB
980 _aNBR